|
|
|
|
| LEADER |
00870nam a2200217 a 4500 |
| 001 |
28588 |
| 003 |
BD-DhAAL |
| 008 |
141124s2008 bg 000 0 eng d |
| 020 |
|
|
|a 9847002060017
|
| 020 |
|
|
|a 9847002000017
|
| 040 |
|
|
|a DLC
|c DLC
|d BD-DhAAL
|
| 082 |
0 |
0 |
|a 823.8
|
| 100 |
1 |
|
|a Dickens, Charles,
|d 1812-1870.
|9 6128
|
| 245 |
1 |
0 |
|a Great expectations /
|c Charles Dickens, with a detail introduction by FBC editorial board.
|
| 260 |
|
|
|a Dhaka :
|b Friends' Book Corner,
|c 2008
|
| 300 |
|
|
|a lxx, 578 p. :
|c 18cm.
|
| 541 |
1 |
|
|e 28588
|
| 600 |
1 |
0 |
|a Dickens, Charles,
|d 1812-1870.
|9 6129
|
| 942 |
|
|
|2 ddc
|c BK
|
| 999 |
|
|
|c 33103
|d 33103
|
| 952 |
|
|
|0 0
|1 0
|2 ddc
|4 0
|6 823_800000000000000_DIC
|7 0
|9 44183
|a BRACUL
|b BRACUL
|c GEN
|d 2014-11-24
|e BRAC Institute of Language (BIL)
|l 9
|m 14
|o 823.8 DIC
|p 3010028588
|q 2026-06-02
|r 2026-05-16
|s 2026-05-16
|t 1
|w 2014-11-24
|y BK
|x Transferred from BIL to BRACUL on 06/06/22
|